Normal view
MARC view
- الكويت، وزارة الأوقاف والشؤون الإسلامية، قطاع الإفتاء والبحوث الشرعية
Entry Personal Name
001 - CONTROL NUMBER
- control field: 43619
003 - CONTROL NUMBER IDENTIFIER
- control field: JO-AjAnu
005 - DATE AND TIME OF LATEST TRANSACTION
- control field: 20230606081228.0
008 - FIXED-LENGTH DATA ELEMENTS
- fixed length control field: 230606|| aca||aabn | a|a d
040 ## - CATALOGING SOURCE
- Original cataloging agency: JO-AjAnu
- Transcribing agency: JO-AjAnu
100 ## - HEADING--PERSONAL NAME
- Personal name: الكويت، وزارة الأوقاف والشؤون الإسلامية، قطاع الإفتاء والبحوث الشرعية
670 ## - SOURCE DATA FOUND
- Source citation: Work cat.: (JO-AjAnu)22333: الكويت، وزارة الأوقاف والشؤون الإسلامية، قطاع الإفتاء والبحوث الشرعية , author, مجموعة الفتاوى الشرعية الصادرة عن قطاع الإفتاء والبحوث الشرعية، وزراة الأوقاف والشؤون الإسلامية، الكويت